|
|
|
|
| LEADER |
00000nab a2200000 a 4500 |
| 001 |
vtls000070109 |
| 003 |
SK-MaSNL |
| 005 |
20260303025341.0 |
| 008 |
111103c1980 xo 0 slo |
| 015 |
|
|
|a SNBRB19rr/mm-uuuuu
|
| 035 |
|
|
|a CL0080209
|
| 040 |
|
|
|a SNKBUCL
|b slo
|c SNKBUCL
|e AACR2
|
| 041 |
0 |
|
|a slo
|
| 044 |
|
|
|a xo
|c SK
|
| 080 |
|
|
|a 22/28
|2 1981
|
| 245 |
0 |
0 |
|a Kto sú svedkovia Jehovovi
|
| 650 |
0 |
7 |
|a jehovizmus
|2 snkbucl
|9 124983
|
| 655 |
|
7 |
|a články z novín a časopisov
|2 snkbucl
|9 267496
|
| 773 |
0 |
|
|t Život strany
|g Č. 21 (1980), s. 48-50
|
| 850 |
|
|
|a Slovenská národná knižnica v Martine
|a MTA001
|
| 852 |
|
|
|a SNK
|b KIS3GCP
|
| 958 |
|
|
|a RK
|
| 992 |
|
|
|a RBX
|
| 999 |
|
|
|c 1645849
|d 1647779
|